Unsafe at any meal

में बचाया:
ग्रंथसूची विवरण
मुख्य लेखक: Mindell, Earl
स्वरूप: पुस्तक
भाषा:अंग्रेज़ी
प्रकाशित: Grand Central Pub 1989
टैग: टैग जोड़ें
कोई टैग नहीं, इस रिकॉर्ड को टैग करने वाले पहले व्यक्ति बनें!

MARC

LEADER 00000nam a2200000 4500
005 20240918192516.0
008 240724b |||||||| |||| 00| 0 eng d
020 |a 978-0446512350 
040 |c GP 
100 |a Mindell, Earl 
245 |a Unsafe at any meal 
260 |b Grand Central Pub  |c 1989 
942 |2 ddc  |c BK  |n 0 
952 |0 0  |1 0  |2 ddc  |4 0  |6 810_000000000000000_MIN  |7 1  |9 1715  |a RM  |b RM  |d 2024-07-24  |l 0  |o 810 MIN  |p 477  |r 2024-07-24 17:27:36  |w 2024-07-24  |y BK 
999 |c 1528  |d 1528